Economic development in the tropics

Saved in:
Bibliographic Details
Main Author: Hodder, B. W.
Format: Book
Language:English
Published: London, Methuen [Distributed in the USA by Harper and Row Pub., 1973]
Edition:2nd ed.
Subjects:
LEADER 00976nam a2200265 4500
001 c000138636
003 CARM
005 00000000000000.0
008 731211s1973 enkb bs 00110 eng
015 |a GB*** 
019 1 |a 404703  |z 1925480  |z 52186205  |5 LACONCORD2021 
020 |a 0416785808  |a 0416785905 (pbk.) 
035 |a (OCoLC)775578  |5 LACONCORD2021 
050 0 0 |a HC695  |b .H6 1973 
082 0 0 |a 330.9/13 
100 1 |a Hodder, B. W. 
245 1 0 |a Economic development in the tropics  |c [by] B. W. Hodder. 
250 |a 2nd ed. 
260 |a London,  |b Methuen [Distributed in the USA by Harper and Row Pub.,  |c 1973] 
300 |a xii, 263 p.  |b map.  |c 21 cm. 
504 |a Bibliography: p. 247-260. 
651 0 |a Tropics  |x Economic conditions. 
852 8 |b CARM  |h A2:AF22B0  |i B01623  |p 0069867  |f BK 
999 f f |i 67b76cf6-dc6b-555a-9f14-dfae025e4a54  |s ee0a74c4-f370-567e-8aff-6ba7d18dc0fd 
952 f f |p Can circulate  |a CAVAL  |b CAVAL  |c CAVAL  |d CARM 1 Store  |e B01623  |f A2:AF22B0  |h Other scheme  |i book  |m 0069867